000 00496nam a2200169Ia 4500
999 _c28912
_d28912
003 OSt
005 20201127122727.0
008 190216s9999||||xx |||||||||||||| ||und||
040 _coclc
082 _a894.8123
_bKOD/S
100 _aKodanchery, Vijayan
_96980
245 0 _aSodom Papathinte Seshapathram /
_cVijayan Kodanchery
260 _bHaritham Books,
_aKozhikode:
_c2005.
300 _a129p
650 _aNovel
942 _cBK
_2ddc
_h894.8123
_iKOD/S
_k894.8123
_mKOD/S